The World's most Northern - Statistics

General Stats
  • This quiz has been taken 53 times
  • The average score is 6 of 25
Answer Stats
The Most Northern ... Answer % Correct
Capital (Independent) Reykjavik
90%
City > 10,000,000 People Moscow
77%
City > 500,000 People Helsinki
67%
Capital (Constituent) Nuuk
67%
City > 1,000,000 People Saint Petersburg
58%
City > 250,000 People Murmansk
42%
City > 50,000 People Tromsø
35%
Permanent Settlement Alert
21%
City > 10,000 People Hammerfest
21%
City > 1,000 People Longyearbyen
19%
Tropical Sea Red Sea
13%
Island (Northernmost Part of Land) Kaffeklubben Island
10%
Coral Atoll Kure Atoll
10%
Lake Lake North Pole
10%
City > 100,000 People Norilsk
10%
City > 5,000 People Tiksi
10%
City > 20,000 People Alta
8%
Active Volcano Beerenberg
6%
City > 2,500 People Khatanga
6%
Coral Reef Korallen
6%
Crater Lake Lake Lappajärvi
6%
Medieval Town Vágar
6%
Continental Mainland Cape Chelyuskin
4%
Active Sand Dunes Great Kobuk Sand Dunes
4%
Village inhabited by Native People Siorapaluk
4%
No matching quizzes found
Score Distribution
Percent of People with Each Score
Percentile by Number Answered
Your Score History
You have not taken this quiz